[Event "EU-ch Schools U13 Girls"]
[Site "Tornelo INT"]
[Date "2021.12.11"]
[Round "5"]
[White "Rastorgueva, Sofja"]
[Black "Barbier Ramaiah, Riya Aude"]
[Result "1-0"]
[WhiteElo "1105"]
[BlackElo "1205"]
[PlyCount "33"]
[EventDate "2021.12.03"]
[EventType "swiss (rapid)"]
[EventRounds "7"]
[EventCountry "NET"]
[SourceTitle "EXT 2023"]
[Source "ChessBase"]
[SourceDate "2022.10.05"]
[SourceVersion "1"]
[SourceVersionDate "2022.10.05"]
[SourceQuality "1"]

1. e4 c6 2. d4 d5 3. e5 Bf5 4. c4 e6 5. Nc3 Nd7 6. Qb3 Qb6 7. Bd2 Ne7 8. Nf3 h6 9. Be2 0-0-0 10. c5 Qxb3 11. axb3 Kb8 12. 0-0 f6 13. Bf4 fxe5 14. Nxe5 Ka8 15. Nxd7 Rxd7 16. Rxa7+ Kxa7 17. Ra1# 1-0